The Spirit of islam (Record no. 307153)

000 -LEADER
fixed length control field 00257 a2200121 4500
001 - CONTROL NUMBER
control field 72080
082 ## - DEWEY DECIMAL CLASSIFICATION NUMBER
Classification number 297 AME
090 ## - LOCALLY ASSIGNED LC-TYPE CALL NUMBER (OCLC); LOCAL CALL NUMBER (RLIN)
-- 38807
-- 38807
100 ## - MAIN ENTRY--PERSONAL NAME
Personal name Amir Ali
245 ## - TITLE STATEMENT
Title The Spirit of islam
260 ## - PUBLICATION, DISTRIBUTION, ETC.
Place of publication, distribution, etc. Lahore
Name of publisher, distributor, etc. Elite Publisher
Date of publication, distribution, etc. 1988
300 ## - PHYSICAL DESCRIPTION
Extent 412
942 ## - ADDED ENTRY ELEMENTS (KOHA)
Institution code [OBSOLETE] caenust
Call number prefix 297 AME
Holdings
Withdrawn status Lost status Damaged status Not for loan Collection code Permanent Location Current Location Date acquired Total Checkouts Full call number Barcode Date last seen Price effective from Koha item type
          College of Aeronautical Engineering (CAE) College of Aeronautical Engineering (CAE) 04/03/2017   297 AME CAEG-3240 04/05/2017 04/05/2017 Book
          College of Aeronautical Engineering (CAE) College of Aeronautical Engineering (CAE) 04/03/2017   297 AME CAEG-3242 04/05/2017 04/05/2017 Book
          College of Aeronautical Engineering (CAE) College of Aeronautical Engineering (CAE) 04/03/2017   297 AME CAEG-3241 04/05/2017 04/05/2017 Book
© 2023 Central Library, National University of Sciences and Technology. All Rights Reserved.